000 00418nam a2200181Ia 4500
001 715
005 20260306140538.0
008 260306t1984||||xx |||||||||||||| ||spa||
041 _aESP
082 _a142.78
_bL17
100 _aLaín Entralgo, Pedro
_eAUT
245 0 _aLa espera y la esperanza
260 _c1984
300 _a611 páginas :
_c20 cm.
650 _aGEN
654 _aCHU
942 _cLIB
_dJUS
_fJUS
_2ddc
_n
999 _c715
_d715